Solutions manual for probability : theory and examples

Αποθηκεύτηκε σε:
Λεπτομέρειες βιβλιογραφικής εγγραφής
Κύριος συγγραφέας: Durrett, Richard 1951-
Μορφή: Βιβλίο
Γλώσσα:English
Δημοσίευση: Belmont, Calif. : Duxbury Press, c1996
Έκδοση:2nd ed.
Θέματα:
Ετικέτες: Προσθήκη ετικέτας
Δεν υπάρχουν, Καταχωρήστε ετικέτα πρώτοι!

MARC

LEADER 00000nam a2200000 i 4500
001 1/18395
008 010314s1996 eng d
020 |a 0-534-24319-3 
035 |l 10066478 
040 |a GR-MY-UA  |b gre  |e aacr 
041 0 |a eng 
082 0 |a 519.2 
100 1 |a Durrett, Richard  |d 1951- 
245 1 0 |a Solutions manual for probability :  |b theory and examples /  |c Richard Durrett 
250 |a 2nd ed. 
260 |a Belmont, Calif. :   |b Duxbury Press,   |c c1996 
300 |a xiii, 503 p.;  |b ill.;  |c 24 cm. 
504 |a Includes bibliographical references and index 
650 0 0 |a Probabilities. 
852 |a INST  |b SAMOS  |e 20010314  |h 519.2 DUR  |p 005300021360  |q 005300021360  |t BK  |y 0 
901 |a BIBL3-2001-1 
909 |a Σ  |b 084619 
922 |a 3ΕΛΗ  |b 200012  |c ΤΣΑΕ/ΚΒ  |d ΜΙΧΑΛΟΠΟΥΛΟΣ 
950 |a 184-2000-09-12 
970 |a ΠΟΥΡΝΑΡΑΣ  |b ΔΗΜΗΤΡΗΣ  |z 2001/03/19